| 000 | 01694nam a2200241Ia 4500 | ||
|---|---|---|---|
| 003 | OSt | ||
| 005 | 20210924093814.0 | ||
| 008 | 210310s1989 ck fr 000 0 spa d | ||
| 040 |
_aCO-JMCR _cCO-JMCR |
||
| 041 | 0 | _aspa | |
| 082 | 0 | 4 |
_a362.5 / _bC718p1 _223 |
| 110 | 1 |
_aColombia. _bPresidencia de la República _92972 |
|
| 245 | 1 | 0 |
_aPlan de lucha contra la pobreza : _bla acción inmediata sobre los municipios más pequeños y pobres de Colombia / _cPresidencia de la República |
| 260 |
_aBogotá : _bConsejería para el Desarrollo Social, _c1989 |
||
| 300 |
_a253 páginas ; _c22 cm. |
||
| 500 | _aIncluye notas a pie de página. | ||
| 505 | 0 | _aErradicar la pobreza para fortalecer la democracia -- La lucha contra la pobreza: un propósito nacional -- Presente y futuro -- Presente y futuro del Plan de Acción Inmediata -PAI- -- El Plan de Acción Inmediata -PAI- y la estrategia de Desarrollo Social -- Participación de las Fuerzas Militares en desarrollo del Plan de Lucha contra la pobreza absoluta -- Recursos para la financiación del desarrollo municipal (síntesis) -- El aprovisionamiento de bienes básicos en los municipios más pobres -- Catastro y Avalúo Catastral en los municipios pobres de Colombia -- Avance del -PAI- en el Departamento del Atlántico -- Factores que garantizan los logros del Plan de Acción Inmediata -PAI- en el Departamento de Antioquia -- La experiencia del Municipio de Puerto Escondido Departamental de Córdoba | |
| 650 | 1 | 4 |
_aPobreza _917632 _zColombia. |
| 650 | 2 | 4 |
_aPlanes de desarrollo _zColombia _911146 |
| 650 | 2 | 4 |
_aDesarrollo social _xLegislación _zColombia _940786 |
| 651 | 4 |
_aColombia _xCondiciones sociales _99846 |
|
| 942 |
_2ddc _cBK |
||
| 999 |
_c8561 _d8561 |
||